000 00642cam9a220019300 4500
001 tmp15396433
003 UPRA
005 20190823112724.0
008 950803s1907 enk eng u
035 _a(Sirsi) r101141
035 _a(UPRA)tmp15396433
040 _cUPRA
100 1 _aBentley, Hendrina Margo.
_6A59250.1
245 1 0 _aW. Holman Bentley :
_bthe life and labours of a Congo pioneer.
260 _aLondon :
_bReligious Tract Society,
_c1907.
600 1 0 _aBentley, William Holman, 1855-1905.
_dBentley, William Holman, 1855-1905.
_6S45648.1
949 _aBV3625.C63
_wlcc
_i33729002086861
_mMAIN
_tBOOK
_lON-SHELF
004 101141
999 _c153605
_d153606